00975cam a2200253 a 450000100060000000300080000600500170001400800390003102000150007002000220008503500190010704000320012604100080015808200250016610000300019124501520022126000420037330000350041550400510045065000420050194200120054399900170055595201490057216362BD-RjUL20211209000011.0140213s1988 enka b 001 0 eng a041316540X a0413606007 (pbk.) a(BD-RjUL)16417 aDLCcDLCdDLCdBD-RjULbeng aeng00a725.8220942219bLED1 aLeacroft, Richard.95058414aThe development of the English playhouse :ban illustrated survey of theatre building in England from medieval to modern times /cRichard Leacroft. aLondon ;aNew York :bMethuen,c1988. axiii, 354 p. :bill. ;c26 cm. aIncludes Bibliography: p. [338]-345 and index. 0aTheater architecturezEngland.950585 2ddccBK c16362d16362 00102ddc40718NFICaRUCLbRUCLcReadingd1991-09-24eAbacus, Londong18.99l0o725.8220942 LED 1988r2014-02-13 00:00:00tC-1w2014-02-13yBK